000 00847nam a2200217 a 4500
001 BRCA_8848
005 20190320210432.0
008 120517s1757----it-#######---#000-0#ita-#
041 _aita
044 _ait
084 _aBE230
_b.C35 1757
100 1 _aCalino, Cesare (S.I.)
_d1670 - 1749
_922039
245 1 0 _aDiscorsi scritturali e morali
_bad vtile trattenimento delle monache
_copera Di Cesare Calino della compagnia de Gesu´; parte seconda Diretta principalmente a profitto delle Novizie.
260 _aIn Venezia
_bPresso Gio: Battista Recurti
_c1757
300 _a407 p. (t.2)
_c16 x 8.6 cm.
500 _aCon licenza de´ Superiori, e Privilegio
500 _aEstado físico: presenta encuadernación en pergamino con hojas manchadas
650 1 4 _aIglesia católica
_yObras anteriores a 1800
_922040
902 _aCFM
942 _2lcc
_cB
999 _c8499
_d8499